| 000 | 01168nam a22003017a 4500 | ||
|---|---|---|---|
| 001 | 8103 | ||
| 003 | FISKH | ||
| 005 | 20251219080920.0 | ||
| 008 | 250825b cb ||||| |||| 00| 0 eng d | ||
| 020 | _a9780545290098 | ||
| 040 |
_aFISKH _beng _cFISKH _dFISKH |
||
| 050 | _aPZ7.B6248 R | ||
| 082 | _a323.1196 | ||
| 100 |
_aBlue, Rose _d(1931-) |
||
| 245 |
_aRon's big mission / _cRose Blue and Corinne J.Naden ; illustrated by Don Tate |
||
| 250 | _aThis edition first published in 2010 | ||
| 260 |
_aNew York : _bScholastic, _c2009 |
||
| 300 |
_a30 unnumbered pages : _bcolor illustrations ; _c28 cm |
||
| 505 | _aN | ||
| 520 | _aOne summer day in 1959, nine-year-old Ron McNair, who dreams of becoming a pilot, walks into the Lake City, South Carolina, public library and insists on checking out some books, despite the rule that only white people can have library cards. Includes facts about McNair, who grew up to be an astronaut. | ||
| 521 | 8 |
_a540
_bLexile |
|
| 521 | 8 |
_aN
_bRaz-Plus |
|
| 650 |
_2Astronaut _aAfrican American |
||
| 650 |
_2Picture book _aLibraries |
||
| 700 |
_aTate, Don _dillustrator |
||
| 942 |
_2ddc _cBK _n0 |
||
| 999 |
_c8103 _d8103 |
||